Normal view
MARC view
- Maki, Daniel P.
Entry Personal Name
001 - CONTROL NUMBER
- control field: 3645
003 - CONTROL NUMBER IDENTIFIER
- control field: NUST
005 - DATE AND TIME OF LATEST TRANSACTION
- control field: 20170731101127.0
008 - FIXED-LENGTH DATA ELEMENTS
- fixed length control field: 170731|| aca||aabn | a|a d
040 ## - CATALOGING SOURCE
- Original cataloging agency: NUST
- Transcribing agency: NUST
100 ## - HEADING--PERSONAL NAME
- Personal name: Maki, Daniel P.
670 ## - SOURCE DATA FOUND
- Source citation: Work cat.: (NUST)0: Maki, Daniel P., Mathematical modeling and computer simulation /, c2010.
